[Event "English Schools Championship Final 2024"]
[Site "Nottingham University Kings Meadow Campus, United Kingdom"]
[Date "2024.06.28"]
[Round "4.23"]
[White "Hartshorn, Harry"]
[Black "Botgros, Alex"]
[Result "0-1"]
[TimeControl "G50' + 10\" per move."]
[WhiteFideId "343404219"]
[WhiteElo "1442"]
[BlackElo "1700"]

1. d4 {[%clk 00:50:19]} {[%emt 00:00:03]} d5 {[%clk 00:50:19]} 2. c4 {[%clk
00:50:23]} {[%emt 00:00:08]} e6 {[%clk 00:50:27]} 3. cxd5 {[%clk 00:50:29]}
{[%emt 00:00:04]} exd5 {[%clk 00:50:28]} {[%emt 00:00:09]} 4. Nc3 {[%clk
00:50:25]} {[%emt 00:00:14]} Nf6 {[%clk 00:47:59]} {[%emt 00:02:39]} 5. Bf4
{[%clk 00:50:24]} {[%emt 00:00:10]} Bd6 {[%clk 00:45:57]} {[%emt 00:02:13]} 6.
Bg3 {[%clk 00:50:21]} {[%emt 00:00:13]} O-O {[%clk 00:45:28]} {[%emt 00:00:40]}
7. Nf3 {[%clk 00:50:09]} {[%emt 00:00:21]} Re8 {[%clk 00:44:58]} {[%emt
00:00:40]} 8. e3 {[%clk 00:50:03]} {[%emt 00:00:16]} Bg4 {[%clk 00:44:03]}
{[%emt 00:01:05]} 9. Be2 {[%clk 00:49:58]} {[%emt 00:00:15]} c6 {[%clk
00:42:33]} {[%emt 00:01:40]} 10. Qc2 {[%clk 00:42:14]} {[%emt 00:07:54]} Qe7
{[%clk 00:40:43]} {[%emt 00:02:00]} 11. Bxd6 {[%clk 00:41:29]} {[%emt
00:00:55]} Qxd6 {[%clk 00:40:47]} {[%emt 00:00:05]} 12. O-O {[%clk 00:40:14]}
{[%emt 00:01:25]} Nbd7 {[%clk 00:40:25]} {[%emt 00:00:33]} 13. Rfe1 {[%clk
00:38:43]} {[%emt 00:01:40]} b5 {[%clk 00:34:38]} {[%emt 00:05:58]} 14. a3
{[%clk 00:33:56]} {[%emt 00:04:57]} a5 {[%clk 00:33:29]} {[%emt 00:01:19]} 15.
Rac1 {[%clk 00:31:22]} {[%emt 00:02:44]} Rac8 {[%clk 00:30:12]} {[%emt
00:03:28]} 16. h3 {[%clk 00:28:28]} {[%emt 00:03:03]} Bh5 {[%clk 00:30:16]}
{[%emt 00:00:06]} 17. Ne5 {[%clk 00:21:14]} {[%emt 00:07:24]} Nxe5 {[%clk
00:27:41]} {[%emt 00:02:44]} 18. dxe5 {[%clk 00:21:17]} {[%emt 00:00:08]} Qxe5
{[%clk 00:26:54]} {[%emt 00:00:57]} 19. Nxb5 {[%clk 00:21:13]} {[%emt
00:00:14]} Bxe2 {[%clk 00:25:06]} {[%emt 00:01:58]} 20. Rxe2 {[%clk 00:19:24]}
{[%emt 00:01:59]} cxb5 {[%clk 00:23:16]} {[%emt 00:02:00]} 21. Qxc8 {[%clk
00:19:27]} {[%emt 00:00:07]} Rxc8 {[%clk 00:23:24]} {[%emt 00:00:02]} 22. Rxc8+
{[%clk 00:19:29]} {[%emt 00:00:08]} Ne8 {[%clk 00:23:25]} {[%emt 00:00:09]} 23.
Rec2 {[%clk 00:17:04]} {[%emt 00:02:35]} g6 {[%clk 00:23:03]} {[%emt 00:00:31]}
24. Ra8 {[%clk 00:15:58]} {[%emt 00:01:17]} Kg7 {[%clk 00:22:21]} {[%emt
00:00:53]} 25. Rxa5 {[%clk 00:14:43]} {[%emt 00:01:24]} d4 {[%clk 00:21:14]}
{[%emt 00:01:17]} 26. a4 {[%clk 00:11:56]} {[%emt 00:02:57]} dxe3 {[%clk
00:19:33]} {[%emt 00:01:51]} 27. Rxb5 {[%clk 00:11:46]} {[%emt 00:00:19]} Qe4
{[%clk 00:18:18]} {[%emt 00:01:26]} 28. Re2 {[%clk 00:08:56]} {[%emt 00:03:00]}
Qxa4 {[%clk 00:17:42]} {[%emt 00:00:46]} 29. Rb7 {[%clk 00:07:08]} {[%emt
00:01:57]} Qd1+ {[%clk 00:17:25]} {[%emt 00:00:16]} 0-1

[Event "English Schools Championship Final 2024"]
[Site "Nottingham University Kings Meadow Campus, United Kingdom"]
[Date "2024.06.28"]
[Round "4.25"]
[White "Usharovsky, Ron"]
[Black "Sanfey, Gregor"]
[Result "1-0"]
[TimeControl "G50' + 10\" per move."]
[WhiteFideId "64300773"]
[BlackFideId "467928"]
[WhiteElo "1958"]
[BlackElo "1767"]

1. e4 {[%clk 00:50:18]} {[%emt 00:00:02]} c6 {[%clk 00:50:11]} {[%emt
00:00:09]} 2. d4 {[%clk 00:50:23]} {[%emt 00:00:05]} d5 {[%clk 00:50:18]}
{[%emt 00:00:03]} 3. e5 {[%clk 00:50:22]} {[%emt 00:00:10]} Bf5 {[%clk
00:50:07]} {[%emt 00:00:20]} 4. g4 {[%clk 00:50:21]} {[%emt 00:00:11]} Bg6
{[%clk 00:50:08]} {[%emt 00:00:09]} 5. h4 {[%clk 00:50:18]} {[%emt 00:00:13]}
h5 {[%clk 00:50:14]} {[%emt 00:00:04]} 6. e6 {[%clk 00:50:13]} {[%emt
00:00:16]} hxg4 {[%clk 00:47:48]} {[%emt 00:02:35]} 7. Bd3 {[%clk 00:49:14]}
{[%emt 00:01:10]} Bxd3 {[%clk 00:44:18]} {[%emt 00:03:40]} 8. Qxd3 {[%clk
00:48:44]} {[%emt 00:00:40]} Qd6 {[%clk 00:43:26]} {[%emt 00:01:01]} 9. exf7+
{[%clk 00:48:13]} {[%emt 00:00:41]} Kxf7 {[%clk 00:43:34]} {[%emt 00:00:02]} 10.
h5 {[%clk 00:46:07]} {[%emt 00:02:17]} Qe6+ {[%clk 00:41:00]} {[%emt 00:02:44]}
11. Ne2 {[%clk 00:45:15]} {[%emt 00:01:02]} Qe4 {[%clk 00:40:52]} {[%emt
00:00:17]} 12. Qxe4 {[%clk 00:44:25]} {[%emt 00:01:00]} dxe4 {[%clk 00:40:58]}
{[%emt 00:00:04]} 13. Nbc3 {[%clk 00:42:21]} {[%emt 00:02:14]} Nd7 {[%clk
00:40:34]} {[%emt 00:00:34]} 14. Be3 {[%clk 00:34:39]} {[%emt 00:07:52]} Ngf6
{[%clk 00:37:37]} {[%emt 00:03:08]} 15. Ng3 {[%clk 00:29:00]} {[%emt 00:05:49]}
e5 {[%clk 00:37:11]} {[%emt 00:00:35]} 16. O-O-O {[%clk 00:28:50]} {[%emt
00:00:20]} exd4 {[%clk 00:36:19]} {[%emt 00:01:02]} 17. Bxd4 {[%clk 00:28:37]}
{[%emt 00:00:23]} Re8 {[%clk 00:36:20]} {[%emt 00:00:09]} 18. Bxa7 {[%clk
00:26:34]} {[%emt 00:02:13]} c5 {[%clk 00:26:47]} {[%emt 00:09:43]} 19. Ncxe4
{[%clk 00:24:42]} {[%emt 00:02:02]} Ra8 {[%clk 00:26:47]} {[%emt 00:00:09]} 20.
Nxf6 {[%clk 00:23:37]} {[%emt 00:01:15]} Nxf6 {[%clk 00:26:54]} {[%emt
00:00:03]} 21. Bb6 {[%clk 00:23:16]} {[%emt 00:00:31]} Rxa2 {[%clk 00:26:54]}
{[%emt 00:00:10]} 22. Kb1 {[%clk 00:21:46]} {[%emt 00:01:40]} Ra6 {[%clk
00:26:46]} {[%emt 00:00:17]} 23. Bc7 {[%clk 00:17:23]} {[%emt 00:04:34]} Be7
{[%clk 00:22:39]} {[%emt 00:04:16]} 24. c3 {[%clk 00:15:51]} {[%emt 00:01:42]}
Rc6 {[%clk 00:13:59]} {[%emt 00:08:50]} 25. Bf4 {[%clk 00:15:00]} {[%emt
00:01:00]} Rd8 {[%clk 00:13:02]} {[%emt 00:01:07]} 26. Rde1 {[%clk 00:12:07]}
{[%emt 00:03:04]} Nd5 {[%clk 00:10:30]} {[%emt 00:02:42]} 27. Bc1 {[%emt
00:05:01]} Re6 {[%clk 00:06:12]} 28. Nf5 {[%clk 00:10:48]} {[%emt 00:01:06]}
Rxe1 {[%clk 00:04:44]} {[%emt 00:01:38]} 29. Rxe1 {[%clk 00:10:57]} Bf8 {[%clk
00:04:34]} {[%emt 00:00:20]} 30. Bg5 {[%clk 00:06:36]} {[%emt 00:04:31]} Re8
{[%clk 00:04:42]} {[%emt 00:00:02]} 31. Rxe8 {[%clk 00:06:35]} {[%emt
00:00:11]} Kxe8 {[%clk 00:04:50]} {[%emt 00:00:02]} 32. c4 {[%clk 00:05:41]}
{[%emt 00:01:04]} Nf6 {[%clk 00:04:25]} {[%emt 00:00:34]} 33. Bxf6 {[%clk
00:05:08]} {[%emt 00:00:44]} gxf6 {[%clk 00:04:34]} {[%emt 00:00:01]} 34. Ne3
{[%clk 00:04:38]} {[%emt 00:00:40]} Kf7 {[%clk 00:04:28]} {[%emt 00:00:16]} 35.
Nxg4 {[%clk 00:04:43]} {[%emt 00:00:05]} Bd6 {[%clk 00:04:25]} {[%emt
00:00:14]} 36. Ne3 {[%clk 00:04:32]} {[%emt 00:00:21]} Bf8 {[%clk 00:03:20]}
{[%emt 00:01:14]} 37. Kc2 {[%clk 00:04:13]} {[%emt 00:00:30]} Ke6 {[%clk
00:03:29]} {[%emt 00:00:01]} 38. Kd3 {[%clk 00:04:08]} {[%emt 00:00:14]} f5
{[%clk 00:03:37]} {[%emt 00:00:02]} 39. Nd5 {[%clk 00:03:51]} {[%emt 00:00:27]}
f4 {[%clk 00:02:24]} {[%emt 00:01:23]} 40. Ke4 {[%clk 00:03:40]} {[%emt
00:00:21]} f3 {[%clk 00:02:19]} {[%emt 00:00:15]} 41. Nf4+ {[%clk 00:01:21]}
{[%emt 00:02:29]} Kf6 {[%clk 00:02:27]} {[%emt 00:00:02]} 42. Nh3 {[%clk
00:01:24]} {[%emt 00:00:07]} Bh6 {[%clk 00:02:13]} {[%emt 00:00:24]} 43. Ng1
{[%clk 00:00:50]} {[%emt 00:00:44]} Kg5 {[%clk 00:02:20]} {[%emt 00:00:02]} 44.
Nxf3+ {[%clk 00:00:55]} {[%emt 00:00:05]} Kxh5 {[%clk 00:02:29]} {[%emt
00:00:01]} 45. Kd5 {[%clk 00:01:00]} {[%emt 00:00:04]} Kg4 {[%clk 00:02:20]}
{[%emt 00:00:20]} 46. Ne1 {[%clk 00:00:48]} {[%emt 00:00:22]} Bg7 {[%clk
00:02:28]} {[%emt 00:00:02]} 47. b3 {[%clk 00:00:29]} {[%emt 00:00:29]} Bd4
{[%clk 00:02:36]} {[%emt 00:00:02]} 48. Nd3 {[%clk 00:00:26]} {[%emt 00:00:12]}
Kf3 {[%clk 00:02:30]} {[%emt 00:00:17]} 49. Nxc5 {[%clk 00:00:32]} {[%emt
00:00:04]} Bxf2 {[%clk 00:02:35]} {[%emt 00:00:04]} 50. Nxb7 {[%clk 00:00:38]}
{[%emt 00:00:04]} Kf4 {[%clk 00:02:43]} {[%emt 00:00:02]} 51. c5 {[%clk
00:00:44]} {[%emt 00:00:04]} 1-0

[Event "English Schools Championship Final 2024"]
[Site "Nottingham University Kings Meadow Campus, United Kingdom"]
[Date "2024.06.28"]
[Round "4.26"]
[White "Rasalingam, Rishi"]
[Black "Chatterjee, Sagnik"]
[Result "0-1"]
[TimeControl "G50' + 10\" per move."]
[WhiteFideId "452017"]
[BlackFideId "64300455"]
[WhiteElo "1365"]
[BlackElo "1805"]

1. e4 {[%clk 00:50:18]} {[%emt 00:00:01]} d6 {[%clk 00:49:59]} {[%emt
00:00:16]} 2. Nc3 {[%clk 00:50:22]} {[%emt 00:00:12]} Nf6 {[%clk 00:49:58]}
{[%emt 00:00:10]} 3. d4 {[%clk 00:49:44]} {[%emt 00:00:48]} Nbd7 {[%clk
00:49:35]} {[%emt 00:00:32]} 4. Nf3 {[%clk 00:49:24]} {[%emt 00:00:31]} e5
{[%clk 00:49:40]} {[%emt 00:00:06]} 5. d5 {[%clk 00:47:38]} {[%emt 00:01:56]}
Be7 {[%clk 00:48:39]} {[%emt 00:01:10]} 6. h3 {[%clk 00:46:00]} {[%emt
00:01:49]} c6 {[%clk 00:48:26]} {[%emt 00:00:22]} 7. Be3 {[%clk 00:44:08]}
{[%emt 00:02:02]} Qc7 {[%clk 00:48:29]} {[%emt 00:00:07]} 8. Bd3 {[%clk
00:42:37]} {[%emt 00:01:41]} h6 {[%clk 00:47:49]} {[%emt 00:00:51]} 9. a4
{[%clk 00:40:23]} {[%emt 00:02:24]} Nf8 {[%clk 00:47:28]} {[%emt 00:00:31]} 10.
Qc1 {[%clk 00:36:57]} {[%emt 00:03:36]} g5 {[%clk 00:47:17]} {[%emt 00:00:21]}
11. g4 {[%clk 00:32:33]} {[%emt 00:04:35]} Ng6 {[%clk 00:46:11]} {[%emt
00:01:15]} 12. Rg1 {[%clk 00:28:04]} {[%emt 00:04:39]} Nf4 {[%clk 00:41:40]}
{[%emt 00:04:41]} 13. Bxf4 {[%clk 00:27:47]} {[%emt 00:00:27]} gxf4 {[%clk
00:41:42]} {[%emt 00:00:08]} 14. Qd1 {[%clk 00:23:52]} {[%emt 00:04:04]} Nh7
{[%clk 00:39:29]} {[%emt 00:02:23]} 15. h4 {[%clk 00:22:23]} {[%emt 00:01:40]}
Rg8 {[%clk 00:39:16]} {[%emt 00:00:22]} 16. Nd2 {[%clk 00:14:12]} {[%emt
00:08:21]} Bxh4 {[%clk 00:39:11]} {[%emt 00:00:16]} 17. b4 {[%clk 00:12:53]}
{[%emt 00:01:29]} Qb6 {[%clk 00:37:24]} {[%emt 00:01:56]} 18. Qe2 {[%clk
00:11:12]} {[%emt 00:01:52]} Rxg4 {[%clk 00:34:00]} {[%emt 00:03:35]} 19. Rxg4
{[%clk 00:09:31]} {[%emt 00:01:51]} Bxg4 {[%clk 00:33:45]} {[%emt 00:00:25]} 20.
Nc4 {[%clk 00:09:37]} {[%emt 00:00:04]} Qd4 {[%clk 00:29:05]} {[%emt 00:04:50]}
21. Nxd6+ {[%clk 00:09:05]} {[%emt 00:00:42]} Kf8 {[%clk 00:29:02]} {[%emt
00:00:12]} 22. Qd2 {[%clk 00:05:29]} {[%emt 00:03:47]} Ng5 {[%clk 00:29:01]}
{[%emt 00:00:11]} 23. Be2 {[%clk 00:04:33]} {[%emt 00:01:06]} Qxf2+ {[%clk
00:28:50]} {[%emt 00:00:21]} 24. Kd1 {[%clk 00:04:08]} {[%emt 00:00:35]} Qf1+
{[%clk 00:28:53]} {[%emt 00:00:06]} 0-1

[Event "English Schools Championship Final 2024"]
[Site "Nottingham University Kings Meadow Campus, United Kingdom"]
[Date "2024.06.28"]
[Round "4.27"]
[White "Hammond, Ben"]
[Black "Burnton, Joshua"]
[Result "1-0"]
[TimeControl "G50' + 10\" per move."]
[WhiteFideId "452696"]
[BlackFideId "343401317"]
[WhiteElo "1921"]
[BlackElo "1846"]

1. e4 {[%clk 00:50:15]} {[%emt 00:00:04]} e5 {[%clk 00:50:17]} {[%emt
00:00:03]} 2. Nf3 {[%clk 00:50:22]} {[%emt 00:00:03]} Nc6 {[%clk 00:50:23]}
{[%emt 00:00:04]} 3. Bb5 {[%clk 00:50:27]} {[%emt 00:00:05]} a6 {[%clk
00:50:29]} {[%emt 00:00:04]} 4. Ba4 {[%clk 00:50:34]} {[%emt 00:00:03]} Nf6
{[%clk 00:50:34]} {[%emt 00:00:05]} 5. O-O {[%clk 00:50:33]} {[%emt 00:00:10]}
Be7 {[%clk 00:50:40]} {[%emt 00:00:04]} 6. d3 {[%clk 00:50:26]} {[%emt
00:00:17]} b5 {[%clk 00:50:45]} {[%emt 00:00:06]} 7. Bb3 {[%clk 00:50:30]}
{[%emt 00:00:06]} O-O {[%clk 00:50:45]} {[%emt 00:00:11]} 8. c3 {[%clk
00:49:46]} {[%emt 00:00:54]} d5 {[%clk 00:48:20]} {[%emt 00:02:35]} 9. exd5
{[%clk 00:49:42]} {[%emt 00:00:14]} Nxd5 {[%clk 00:48:18]} {[%emt 00:00:11]} 10.
Re1 {[%clk 00:49:23]} {[%emt 00:00:29]} Bf6 {[%clk 00:46:45]} {[%emt 00:01:43]}
11. a4 {[%clk 00:44:44]} {[%emt 00:04:49]} Rb8 {[%clk 00:41:46]} {[%emt
00:05:10]} 12. axb5 {[%clk 00:41:50]} {[%emt 00:03:03]} axb5 {[%clk 00:41:48]}
{[%emt 00:00:08]} 13. d4 {[%clk 00:35:55]} {[%emt 00:06:06]} exd4 {[%clk
00:40:22]} {[%emt 00:01:36]} 14. Nxd4 {[%clk 00:35:47]} {[%emt 00:00:18]} Nxd4
{[%clk 00:36:39]} {[%emt 00:03:53]} 15. cxd4 {[%clk 00:35:40]} {[%emt
00:00:17]} Bb7 {[%clk 00:30:33]} {[%emt 00:06:16]} 16. Nc3 {[%clk 00:34:53]}
{[%emt 00:00:57]} Nxc3 {[%clk 00:29:10]} {[%emt 00:01:34]} 17. bxc3 {[%clk
00:34:49]} {[%emt 00:00:14]} b4 {[%clk 00:27:36]} {[%emt 00:01:44]} 18. Qd3
{[%clk 00:27:23]} {[%emt 00:07:35]} bxc3 {[%clk 00:23:06]} {[%emt 00:04:40]} 19.
Bc2 {[%clk 00:27:28]} {[%emt 00:00:05]} g6 {[%clk 00:22:57]} {[%emt 00:00:20]}
20. Bf4 {[%clk 00:12:01]} {[%emt 00:15:37]} Qd5 {[%clk 00:16:53]} {[%emt
00:06:13]} 21. Qg3 {[%clk 00:11:56]} {[%emt 00:00:15]} Qxd4 {[%clk 00:08:21]}
{[%emt 00:08:42]} 22. Rad1 {[%clk 00:10:36]} {[%emt 00:01:31]} Qc4 {[%clk
00:07:57]} {[%emt 00:00:33]} 23. h4 {[%clk 00:02:16]} {[%emt 00:08:30]} Qc5
{[%clk 00:04:36]} {[%emt 00:03:31]} 24. Bxc7 {[%clk 00:01:57]} {[%emt
00:00:30]} Bxh4 {[%clk 00:02:36]} {[%emt 00:02:09]} 25. Qxh4 {[%clk 00:01:38]}
{[%emt 00:00:30]} Qxc7 {[%clk 00:02:41]} {[%emt 00:00:05]} 26. Re3 {[%clk
00:01:25]} {[%emt 00:00:22]} Bc8 {[%clk 00:01:21]} {[%emt 00:01:30]} 27. Qf6
{[%clk 00:01:05]} {[%emt 00:00:30]} Rb6 {[%clk 00:01:14]} {[%emt 00:00:18]} 28.
Qd4 {[%clk 00:00:35]} {[%emt 00:00:40]} Rc6 {[%clk 00:01:02]} {[%emt 00:00:21]}
29. Rde1 {[%clk 00:00:17]} {[%emt 00:00:27]} Be6 {[%clk 00:01:06]} {[%emt
00:00:06]} 30. Re4 {[%emt 00:00:40]} Rd8 {[%clk 00:00:47]} 31. Qf6 {[%clk
00:00:14]} {[%emt 00:00:12]} Bf5 {[%clk 00:00:32]} {[%emt 00:00:25]} 32. Re8+
{[%clk 00:00:21]} {[%emt 00:00:02]} Rxe8 {[%clk 00:00:19]} {[%emt 00:00:23]} 33.
Rxe8# {[%clk 00:00:29]} {[%emt 00:00:02]} 1-0

[Event "English Schools Championship Final 2024"]
[Site "Nottingham University Kings Meadow Campus, United Kingdom"]
[Date "2024.06.28"]
[Round "4.28"]
[White "Sisupalan, Beni"]
[Black "Lam, Isaac"]
[Result "0-1"]
[TimeControl "G50' + 10\" per move."]
[WhiteFideId "494585"]
[BlackFideId "343413110"]
[WhiteElo "1736"]
[BlackElo "1563"]

1. e4 {[%clk 00:50:17]} {[%emt 00:00:02]} e5 {[%clk 00:50:18]} {[%emt
00:00:03]} 2. Nf3 {[%clk 00:50:22]} {[%emt 00:00:05]} Nc6 {[%clk 00:50:25]}
{[%emt 00:00:03]} 3. Bc4 {[%clk 00:50:28]} {[%emt 00:00:04]} Bc5 {[%clk
00:50:32]} {[%emt 00:00:03]} 4. d3 {[%clk 00:50:26]} {[%emt 00:00:12]} Nf6
{[%clk 00:50:38]} {[%emt 00:00:04]} 5. Nc3 {[%clk 00:50:29]} {[%emt 00:00:07]}
d6 {[%clk 00:50:41]} {[%emt 00:00:07]} 6. h3 {[%clk 00:50:31]} {[%emt
00:00:08]} h6 {[%clk 00:50:47]} {[%emt 00:00:04]} 7. Be3 {[%clk 00:50:36]}
{[%emt 00:00:05]} Bb6 {[%clk 00:50:53]} {[%emt 00:00:04]} 8. O-O {[%clk
00:50:37]} {[%emt 00:00:08]} Be6 {[%clk 00:50:50]} {[%emt 00:00:13]} 9. Bb3
{[%clk 00:50:16]} {[%emt 00:00:31]} Nd4 {[%clk 00:49:59]} {[%emt 00:01:01]} 10.
Bxd4 {[%clk 00:50:06]} {[%emt 00:00:19]} exd4 {[%clk 00:50:02]} {[%emt
00:00:08]} 11. Ne2 {[%clk 00:49:58]} {[%emt 00:00:18]} c5 {[%clk 00:50:03]}
{[%emt 00:00:08]} 12. Ng3 {[%clk 00:48:13]} {[%emt 00:01:55]} Qc7 {[%clk
00:48:21]} {[%emt 00:01:52]} 13. Qd2 {[%clk 00:46:59]} {[%emt 00:01:23]} g5
{[%clk 00:47:35]} {[%emt 00:00:57]} 14. Nf5 {[%clk 00:46:03]} {[%emt 00:01:06]}
O-O-O {[%clk 00:46:42]} {[%emt 00:01:03]} 15. c3 {[%clk 00:45:06]} {[%emt
00:01:07]} Bxf5 {[%clk 00:46:05]} {[%emt 00:00:47]} 16. exf5 {[%clk 00:45:12]}
{[%emt 00:00:04]} g4 {[%clk 00:45:09]} {[%emt 00:01:06]} 17. hxg4 {[%clk
00:43:36]} {[%emt 00:01:46]} Nxg4 {[%clk 00:44:43]} {[%emt 00:00:35]} 18. cxd4
{[%clk 00:42:23]} {[%emt 00:01:23]} Kb8 {[%clk 00:43:50]} {[%emt 00:01:05]} 19.
Qf4 {[%clk 00:41:16]} {[%emt 00:01:16]} Rdg8 {[%clk 00:42:30]} {[%emt
00:01:30]} 20. dxc5 {[%clk 00:39:49]} {[%emt 00:01:38]} Qxc5 {[%clk 00:41:21]}
{[%emt 00:01:19]} 21. d4 {[%clk 00:38:32]} {[%emt 00:01:26]} Qc7 {[%clk
00:41:04]} {[%emt 00:00:27]} 22. Rac1 {[%clk 00:34:38]} {[%emt 00:04:04]} Qd7
{[%clk 00:40:20]} {[%emt 00:00:55]} 23. Rc2 {[%clk 00:29:56]} {[%emt 00:04:58]}
Nf6 {[%clk 00:39:21]} {[%emt 00:01:04]} 24. Ne5 {[%clk 00:24:46]} {[%emt
00:05:19]} dxe5 {[%clk 00:34:55]} {[%emt 00:04:36]} 25. Qxe5+ {[%clk 00:24:32]}
{[%emt 00:00:24]} Ka8 {[%clk 00:32:09]} {[%emt 00:02:57]} 26. Qxf6 {[%clk
00:24:15]} {[%emt 00:00:26]} Rh7 {[%clk 00:32:14]} {[%emt 00:00:06]} 27. Rc4
{[%clk 00:21:28]} {[%emt 00:02:56]} Rhg7 {[%clk 00:31:07]} {[%emt 00:01:17]} 28.
g3 {[%clk 00:21:07]} {[%emt 00:00:30]} Bc7 {[%clk 00:24:14]} {[%emt 00:07:04]}
29. Rc3 {[%clk 00:17:42]} {[%emt 00:03:35]} Bb6 {[%clk 00:19:07]} {[%emt
00:05:17]} 30. Rd1 {[%clk 00:15:49]} {[%emt 00:02:02]} h5 {[%clk 00:18:34]}
{[%emt 00:00:44]} 31. Bc2 {[%emt 00:06:43]} Rg4 {[%clk 00:16:28]} 32. Rcd3
{[%clk 00:06:27]} {[%emt 00:05:15]} h4 {[%clk 00:15:54]} {[%emt 00:00:44]} 33.
Qe5 {[%clk 00:05:58]} {[%emt 00:00:38]} Bc7 {[%clk 00:14:29]} {[%emt 00:01:35]}
34. Ba4 {[%clk 00:03:47]} {[%emt 00:02:21]} Qd8 {[%clk 00:13:11]} {[%emt
00:01:25]} 35. Qe2 {[%clk 00:03:05]} {[%emt 00:00:55]} hxg3 {[%clk 00:13:11]}
{[%emt 00:00:10]} 36. f3 {[%clk 00:02:46]} {[%emt 00:00:29]} Rh4 {[%clk
00:12:20]} {[%emt 00:01:01]} 37. Re1 {[%clk 00:02:28]} {[%emt 00:00:28]} Rgh8
{[%clk 00:11:41]} {[%emt 00:00:49]} 38. Qe8 {[%clk 00:01:08]} {[%emt 00:01:30]}
Rh1+ {[%clk 00:11:36]} {[%emt 00:00:16]} 39. Kg2 {[%clk 00:01:17]} R8h2# {[%clk
00:11:29]} {[%emt 00:00:06]} 0-1

[Event "English Schools Championship Final 2024"]
[Site "Nottingham University Kings Meadow Campus, United Kingdom"]
[Date "2024.06.28"]
[Round "4.29"]
[White "Linton, Anixton"]
[Black "Chen, Eng Jie"]
[Result "0-1"]
[TimeControl "G50' + 10\" per move."]
[WhiteFideId "343105250"]
[BlackFideId "343428584"]
[WhiteElo "1608"]
[BlackElo "1718"]

1. e4 {[%clk 00:50:18]} {[%emt 00:00:01]} c6 {[%clk 00:50:17]} {[%emt
00:00:04]} 2. d4 {[%clk 00:50:22]} {[%emt 00:00:06]} d5 {[%clk 00:50:24]}
{[%emt 00:00:03]} 3. Nc3 {[%clk 00:50:23]} {[%emt 00:00:09]} dxe4 {[%clk
00:50:29]} {[%emt 00:00:05]} 4. Nxe4 {[%clk 00:50:27]} {[%emt 00:00:06]} Bf5
{[%clk 00:50:36]} {[%emt 00:00:03]} 5. Qd3 {[%clk 00:50:04]} {[%emt 00:00:33]}
e6 {[%clk 00:50:24]} {[%emt 00:00:22]} 6. f3 {[%clk 00:49:17]} {[%emt
00:00:57]} Nf6 {[%clk 00:50:03]} {[%emt 00:00:32]} 7. Nxf6+ {[%clk 00:47:28]}
{[%emt 00:01:59]} gxf6 {[%clk 00:49:32]} {[%emt 00:00:41]} 8. Qd2 {[%clk
00:46:50]} {[%emt 00:00:48]} Qc7 {[%clk 00:48:34]} {[%emt 00:01:09]} 9. Bc4
{[%clk 00:43:52]} {[%emt 00:03:08]} Bd6 {[%clk 00:47:49]} {[%emt 00:00:54]} 10.
g4 {[%clk 00:42:23]} {[%emt 00:01:39]} Bg6 {[%clk 00:47:49]} {[%emt 00:00:11]}
11. Nh3 {[%clk 00:39:50]} {[%emt 00:02:43]} Nd7 {[%clk 00:46:54]} {[%emt
00:01:04]} 12. Qf2 {[%clk 00:37:31]} {[%emt 00:02:29]} h5 {[%clk 00:43:13]}
{[%emt 00:03:51]} 13. g5 {[%clk 00:35:51]} {[%emt 00:01:49]} fxg5 {[%clk
00:41:53]} {[%emt 00:01:30]} 14. Bxg5 {[%clk 00:34:41]} {[%emt 00:01:20]} Qa5+
{[%clk 00:38:35]} {[%emt 00:03:28]} 15. Bd2 {[%clk 00:34:08]} {[%emt 00:00:43]}
Qf5 {[%clk 00:38:19]} {[%emt 00:00:26]} 16. Ng5 {[%clk 00:30:42]} {[%emt
00:03:36]} Qxc2 {[%emt 00:01:21]} 17. Qe2 {[%clk 00:28:05]} {[%emt 00:02:43]}
O-O-O {[%clk 00:34:27]} {[%emt 00:02:56]} 18. b3 {[%clk 00:26:20]} {[%emt
00:01:55]} Qf5 {[%clk 00:32:51]} {[%emt 00:01:46]} 19. Ne4 {[%clk 00:24:44]}
{[%emt 00:01:46]} Bc7 {[%clk 00:31:59]} {[%emt 00:01:02]} 20. Bb4 {[%clk
00:20:02]} {[%emt 00:04:52]} Nb6 {[%clk 00:27:51]} {[%emt 00:04:17]} 21. Bd3
{[%clk 00:17:18]} {[%emt 00:02:55]} Qh3 {[%clk 00:26:58]} {[%emt 00:01:03]} 22.
Rc1 {[%clk 00:12:42]} {[%emt 00:04:46]} Nd5 {[%clk 00:22:45]} {[%emt 00:04:23]}
23. Bd2 {[%clk 00:07:31]} {[%emt 00:05:21]} Nf4 {[%emt 00:01:28]} 24. Bxf4
{[%clk 00:07:14]} {[%emt 00:00:25]} Bxf4 {[%clk 00:21:32]} {[%emt 00:00:08]} 25.
Rc4 {[%clk 00:05:00]} {[%emt 00:02:23]} Bxe4 {[%clk 00:20:29]} {[%emt
00:01:12]} 26. Bxe4 {[%clk 00:03:42]} {[%emt 00:01:28]} Rhg8 {[%clk 00:12:57]}
{[%emt 00:07:42]} 27. Rf1 {[%clk 00:00:18]} {[%emt 00:03:34]} Rg2 {[%clk
00:12:11]} {[%emt 00:00:56]} 28. Rxc6+ bxc6 {[%clk 00:12:19]} 29. Qa6+ {[%clk
00:00:20]} {[%emt 00:00:05]} Kd7 {[%clk 00:11:59]} {[%emt 00:00:29]} 30. Qxa7+
{[%clk 00:00:13]} {[%emt 00:00:19]} Ke8 {[%clk 00:11:06]} {[%emt 00:01:03]} 31.
Bxc6+ {[%clk 00:00:12]} {[%emt 00:00:11]} Kf8 {[%clk 00:11:09]} {[%emt
00:00:07]} 32. Qc5+ {[%clk 00:00:14]} {[%emt 00:00:08]} Kg8 {[%clk 00:10:35]}
{[%emt 00:00:44]} 33. Qe7 {[%clk 00:00:22]} {[%emt 00:00:02]} Bg5 {[%clk
00:09:37]} {[%emt 00:01:08]} 0-1